• 首页
  • 本馆介绍
  • 公告通知
  • 最新文献
  • 馆藏检索
  • 电子资源
  • 读者导购
  • 参考咨询
  • 我的图书馆
  • 登录
  • 详细信息显示
  • 放入我的书架
  • 预约/预借图书
  • 作者相关作品
  • 分类相关作品
  • 丛书相关作品
  • 出版社相关作品

书目信息

  • 表格格式
  • 工作单格式
  • 卡片格式
题名:
《中华人民共和国契税法》《中华人民共和国城市维护建设税法》释义与典型案例讲解
    
 
作者: 翟继光 , 倪伟杰 著
分册:  
出版信息: 上海   立信会计出版社  2020
页数: 359页
开本: 24cm
丛书名:
单 册:
中图分类: D922.220.5
科图分类:
主题词: 契税--税法--法律解释--中国 , 城市建设--税法--法律解释--中国 , 契税--税法--案例--中国 , 城市建设--税法--案例--中国
电子资源:
ISBN: 978-7-5429-6612-4
000 01270nam0 2200277 450
001 2375830479
005 20230923210357.85
010    @a978-7-5429-6612-4@dCNY58.00
100    @a20210304d2020 em y0chiy50 ea
101 0  @achi
102    @aCN@b310000
105    @ay z 000yy
200 1  @a《中华人民共和国契税法》《中华人民共和国城市维护建设税法》释义与典型案例讲解@A《 zhong hua ren min gong he guo qi shui fa 》《 zhong hua ren min gong he guo cheng shi wei hu jian she shui fa 》 shi yi yu dian xing an li jiang jie@f翟继光,倪伟杰著
210    @a上海@c立信会计出版社@d2020
215    @a359页@d24cm
300    @a2020年8月11日,第十三届全国人民代表大会常务委员会第二十次会议通过了《中华人民共和国契税法》和《中华人民共和国城市维护建设税法》,自2021年9月1日起施行。
330    @a本书内容包括:契税的纳税人和征税对象;契税应纳税额的计算;契税的税收优惠;契税的征收管理;各地契税征收管理制度;《城市维护建设税法》释义等。
606 0  @a契税@x税法@x法律解释@y中国
606 0  @a城市建设@x税法@x法律解释@y中国
606 0  @a契税@x税法@x案例@y中国
606 0  @a城市建设@x税法@x案例@y中国
690    @aD922.220.5@v5
701  0 @a翟继光@Azhai ji guang@4著
701  0 @a倪伟杰@Ani wei jie@4著
801  0 @aCN@b安徽时代@c20230923
905    @aBZT@dD922.220.5@e4
    
    《中华人民共和国契税法》《中华人民共和国城市维护建设税法》释义与典型案例讲解/翟继光,倪伟杰著.-上海:立信会计出版社,2020
    359页;24cm
    2020年8月11日,第十三届全国人民代表大会常务委员会第二十次会议通过了《中华人民共和国契税法》和《中华人民共和国城市维护建设税法》,自2021年9月1日起施行。
    
    ISBN 978-7-5429-6612-4:CNY58.00
    本书内容包括:契税的纳税人和征税对象;契税应纳税额的计算;契税的税收优惠;契税的征收管理;各地契税征收管理制度;《城市维护建设税法》释义等。
●
相关链接 在五车中查询图书 在当当中查询图书 在豆瓣中查询图书


正题名:《中华人民共和国契税法》《中华人民共和国城市维护建设税法》释义与典型案例讲解     索取号:D922.220.5/4         预约/预借

序号 登录号 条形码 馆藏地/架位号 状态 备注
1 2000925755   2000925755   第四书库/四5架A面6层1列/ [索取号:D922.220.5/4] 在馆    
2 2000925756   2000925756   第四书库/四5架A面6层1列/ [索取号:D922.220.5/4] 在馆    
3 2000925757   2000925757   第四书库/四5架A面6层1列/ [索取号:D922.220.5/4] 在馆    
4 2000925758   2000925758   第四书库/四5架A面6层1列/ [索取号:D922.220.5/4] 在馆    
5 2000925759   2000925759   第四书库/四5架A面6层1列/ [索取号:D922.220.5/4] 在馆    
6 2000925760   2000925760   第四书库/四5架A面6层1列/ [索取号:D922.220.5/4] 在馆    
山东省滨州职业学院图书馆 欢迎您!
大连网信软件有限公司© 版权所有